jeux vidéos extremements mals résumés #3 - Statistiques

Statistiques générales
  • Ce quiz a été pris 262 fois
  • Le résultat moyen est 7 sur 19
Statistiques - réponses
indice réponse % Correct
créé une confrérie et tue des gens par derrière sans pitié assassin's creed
81%
défi tes amis sur l' un des jeux de sports les plus ICONIQUES ! wii sport
75%
jeu le plus vendu au monde minecraft
73%
un mec se balade en collant rouge dans sa ville mais tout est normal spider man
65%
jouez avec vos persos préférés nintendo dans super jeu de combat smash bros
58%
votre voisin complétement fou ne vous laissera pas fouiller dans ses affaires hello neighbor
53%
vous contrôlez un hacker dans un futur proche qui cherche a se venger de la mort de sa nièce watch dogs
53%
super sell vous fait construire une ferme hey day
45%
dave défend son jardin des envahisseurs avec des petits pois plants vs zombies
44%
considéré comme l' un des meilleurs jeux de tout les temps, un énième jeux avec une invasion de zombies the last of us
37%
des centaines de voitures différentes avec des possibilités de custom presques infinies forza
33%
pinocchio mais en plus glauque lies of p
26%
élu meilleur jeux de l' année 2023 baldurs gate
25%
tape des méchants en 1 contre 10 grâce a ton super kung-fu ! sifu
24%
de nombreux héros se battent entre eux dans un mode en ligne et repoussent une invasion de robots dans un mode solo nul a chier overwatch
13%
un jeu hilarant tiré d' une série hilarante south park
9%
deux univers très différents fusionnent pour créer un jeu complétement degenté mario et les lapins crétins
5%
soyez le dernier espoir des dieux grecs immortals fenyx rising
3%
connais tu vraiment tes amis qui est tu ?
0%
Aucun quiz correspondant
Distribution des résultats
% des personnes avec chaque résultat
Percentile par nombre de réponses
Votre historique - résultats
Vous n’avez pas pris ce quiz